[Event "7th Iberoamerican-ch 2019"]
[Site "Linares"]
[Date "2019.08.14"]
[Round "5.29"]
[White "Matnadze, Ana"]
[Black "Jimenez Bernal, Francisco"]
[Result "1/2-1/2"]
[WhiteElo "2363"]
[BlackElo "2222"]
[Annotator "NA"]
[PlyCount "53"]
[EventDate "2019.08.10"]
[EventType "swiss"]
[EventCountry "ESP"]
[SourceTitle "playchess.com"]
[Source "ChessBase"]
[SourceQuality "1"]
[TimeControl "5400+30"]

1. Nf3 {[%emt 0:00:00]} Nf6 {[%emt 0:00:00]} 2. c4 {[%emt 0:00:00]} e6 {[%emt 0:00:00]} 3. g3 {[%emt 0:00:00]} d5 {[%emt 0:01:11]} 4. d4 {[%emt 0:00:13]} Be7 {[%emt 0:00:29]} 5. Bg2 {[%emt 0:00:26]} O-O {[%emt 0:00:27]} 6. Nc3 {[%emt 0:00:09]} dxc4 {[%emt 0:02:03]} 7. Ne5 {[%emt 0:00:07]} Nc6 {[%emt 0:01:27]} 8. Nxc6 {[%emt 0:02:35]} bxc6 {[%emt 0:00:08]} 9. Bxc6 {[%emt 0:00:04]} Rb8 {[%emt 0:00:25]} 10. O-O {[%emt 0:00:21]} Nd5 {[%emt 0:08:22]} 11. Qa4 {[%emt 0:07:04]} Nb4 {[%emt 0:14:54]} 12. Bg2 {[%emt 0:01:59]} Rb6 {[%emt 0:20:47]} 13. a3 {[%emt 0:05:54]} Ra6 {[%emt 0:04:43]} 14. Qd1 {[%emt 0:05:41]} Nd5 {[%emt 0:00:09]} 15. e4 {[%emt 0:01:01]} Nxc3 {[%emt 0:00:29]} 16. bxc3 {[%emt 0:00:01]} Rb6 {[%emt 0:04:50]} 17. Qe2 {[%emt 0:05:20]} Ba6 {[%emt 0:00:19]} 18. Rd1 {[%emt 0:15:18]} Qb8 {[%emt 0:03:30]} 19. Qg4 {[%emt 0:02:15]} Rd8 {[%emt 0:02:03]} 20. Bh6 {[%emt 0:01:12]} Bf8 {[%emt 0:00:10]} 21. Bg5 {[%emt 0:00:39]} Re8 {[%emt 0:00:04]} 22. a4 {[%emt 0:02:57]} Rb3 {[%emt 0:01:17]} 23. Bd2 {[%emt 0:01:03]} Ra3 {[%emt 0:01:55]} 24. Rab1 {[%emt 0:02:04]} Rb3 {[%emt 0:00:06]} 25. Ra1 {[%emt 0:00:24]} Ra3 {[%emt 0:00:07]} 26. Rab1 {[%emt 0:06:39]} Rb3 {[%emt 0:00:05]} 27. Ra1 {[%emt 0:01:21]} 1/2-1/2

[Event "7th Iberoamerican-ch 2019"]
[Site "Linares"]
[Date "2019.08.14"]
[Round "5.30"]
[White "Sos Andreu, Eric"]
[Black "Romero Berruezo, Francisco"]
[Result "1/2-1/2"]
[WhiteElo "2354"]
[BlackElo "2161"]
[Annotator "NA"]
[PlyCount "69"]
[EventDate "2019.08.10"]
[EventType "swiss"]
[EventCountry "ESP"]
[SourceTitle "playchess.com"]
[Source "ChessBase"]
[SourceQuality "1"]
[TimeControl "5400+30"]

1. d4 {[%emt 0:00:00]} Nf6 {[%emt 0:00:02]} 2. c4 {[%emt 0:00:00]} d6 {[%emt 0:00:42]} 3. Nf3 {[%emt 0:00:00]} g6 {[%emt 0:00:16]} 4. Nc3 {[%emt 0:00:19]} Bg7 {[%emt 0:00:25]} 5. e4 {[%emt 0:00:08]} O-O {[%emt 0:00:15]} 6. Be2 {[%emt 0:00:04]} c5 {[%emt 0:00:28]} 7. d5 {[%emt 0:00:22]} e5 {[%emt 0:00:19]} 8. O-O {[%emt 0:00:24]} Ne8 {[%emt 0:00:29]} 9. Ne1 {[%emt 0:02:01]} f5 {[%emt 0:01:39]} 10. Nd3 {[%emt 0:00:53]} Nf6 {[%emt 0:02:06]} 11. exf5 {[%emt 0:03:23]} gxf5 {[%emt 0:03:36]} 12. f4 {[%emt 0:00:23]} e4 {[%emt 0:01:32]} 13. Nf2 {[%emt 0:00:06]} Re8 {[%emt 0:12:08]} 14. Be3 {[%emt 0:00:33]} Na6 {[%emt 0:02:52]} 15. a3 {[%emt 0:05:30]} Nc7 {[%emt 0:00:44]} 16. Rc1 {[%emt 0:01:15]} Bd7 {[%emt 0:02:03]} 17. h3 {[%emt 0:03:40]} Kh8 {[%emt 0:08:31]} 18. g4 {[%emt 0:04:15]} Ng8 {[%emt 0:10:45]} 19. g5 {[%emt 0:03:22]} Ne7 {[%emt 0:02:15]} 20. Kh2 {[%emt 0:06:45]} b5 {[%emt 0:03:05]} 21. b4 {[%emt 0:05:16]} cxb4 {[%emt 0:05:21]} 22. axb4 {[%emt 0:00:51]} bxc4 {[%emt 0:00:16]} 23. Bd4 {[%emt 0:01:37]} Ng6 {[%emt 0:00:47]} 24. Bxg7+ {[%emt 0:00:40]} Kxg7 {[%emt 0:00:05]} 25. Qd4+ {[%emt 0:05:18]} Kg8 {[%emt 0:01:00]} 26. Nfd1 {[%emt 0:00:39]} a5 {[%emt 0:01:21]} 27. bxa5 {[%emt 0:00:43]} Rxa5 {[%emt 0:00:10]} 28. Ne3 {[%emt 0:00:04]} Nb5 {[%emt 0:02:12]} 29. Nxb5 {[%emt 0:00:15]} Rxb5 {[%emt 0:00:20]} 30. Nxc4 {[%emt 0:02:06]} Rb4 {[%emt 0:02:29]} 31. Bh5 {[%emt 0:05:23]} Bb5 {[%emt 0:03:18]} 32. Be2 {[%emt 0:00:14]} Bxc4 {[%emt 0:00:27]} 33. Rxc4 {[%emt 0:00:12]} Rxc4 {[%emt 0:00:12]} 34. Qxc4 {[%emt 0:00:37]} Qe7 {[%emt 0:04:57]} 35. Qc6 {[%emt 0:01:28]} 1/2-1/2

[Event "7th Iberoamerican-ch 2019"]
[Site "Linares"]
[Date "2019.08.14"]
[Round "5.31"]
[White "Gavarrete, Nahun"]
[Black "Gomez Barrera, Javiera Belen"]
[Result "1-0"]
[WhiteElo "2349"]
[BlackElo "2156"]
[Annotator "NA"]
[PlyCount "109"]
[EventDate "2019.08.10"]
[EventType "swiss"]
[EventCountry "ESP"]
[SourceTitle "playchess.com"]
[Source "ChessBase"]
[SourceQuality "1"]
[TimeControl "5400+30"]

1. Nf3 {[%emt 0:01:32]} Nf6 {[%emt 0:00:00]} 2. c4 {[%emt 0:00:05]} g6 {[%emt 0:00:00]} 3. b3 {[%emt 0:00:08]} Bg7 {[%emt 0:00:10]} 4. Bb2 {[%emt 0:00:04]} d6 {[%emt 0:01:13]} 5. g3 {[%emt 0:00:39]} O-O {[%emt 0:05:05]} 6. Bg2 {[%emt 0:00:08]} e5 {[%emt 0:00:51]} 7. d3 {[%emt 0:03:49]} Re8 {[%emt 0:03:32]} 8. Nbd2 {[%emt 0:03:01]} Nc6 {[%emt 0:01:26]} 9. O-O {[%emt 0:00:13]} Bf5 {[%emt 0:05:13]} 10. e4 {[%emt 0:03:33]} Bg4 {[%emt 0:09:31]} 11. h3 {[%emt 0:00:04]} Bxf3 {[%emt 0:01:23]} 12. Nxf3 {[%emt 0:01:07]} Nd7 {[%emt 0:01:00]} 13. a3 {[%emt 0:07:58]} a5 {[%emt 0:03:33]} 14. Bc3 {[%emt 0:02:09]} Nc5 {[%emt 0:13:15]} 15. b4 {[%emt 0:00:29]} Ne6 {[%emt 0:03:32]} 16. h4 {[%emt 0:08:51]} Qb8 {[%emt 0:16:06]} 17. b5 {[%emt 0:31:01]} Ncd8 {[%emt 0:01:45]} 18. Rb1 {[%emt 0:04:59]} Nc5 {[%emt 0:15:36]} 19. Re1 {[%emt 0:01:51]} Nde6 {[%emt 0:01:10]} 20. Qd2 {[%emt 0:06:59]} a4 {[%emt 0:01:20]} 21. h5 {[%emt 0:01:45]} Nb3 {[%emt 0:03:08]} 22. Qe3 {[%emt 0:01:41]} Qd8 {[%emt 0:06:42]} 23. hxg6 {[%emt 0:01:42]} hxg6 {[%emt 0:00:11]} 24. Nd2 {[%emt 0:00:52]} Nbd4 {[%emt 0:01:56]} 25. Rb2 {[%emt 0:05:32]} Kh7 {[%emt 0:01:43]} 26. Reb1 {[%emt 0:00:07]} Bh6 {[%emt 0:01:28]} 27. Qe1 {[%emt 0:00:03]} Qf6 {[%emt 0:00:36]} 28. Qd1 {[%emt 0:00:15]} Rh8 {[%emt 0:02:01]} 29. Nf3 {[%emt 0:05:30]} Nxf3+ {[%emt 0:00:32]} 30. Qxf3 {[%emt 0:01:26]} Qe7 31. Qe2 {[%emt 0:04:18]} Bg7 {[%emt 0:00:52]} 32. Bf3 {[%emt 0:00:31]} Kg8 {[%emt 0:00:24]} 33. Kg2 {[%emt 0:00:16]} Qg5 {[%emt 0:00:39]} 34. Qe3 {[%emt 0:02:14]} Qf6 {[%emt 0:00:33]} 35. Rh1 {[%emt 0:01:49]} Rxh1 {[%emt 0:00:28]} 36. Kxh1 {[%emt 0:00:01]} Kf8 {[%emt 0:00:33]} 37. Kg2 {[%emt 0:00:12]} Ke7 {[%emt 0:00:28]} 38. Rb1 {[%emt 0:00:18]} b6 {[%emt 0:00:34]} 39. Rh1 {[%emt 0:00:29]} Rh8 {[%emt 0:00:27]} 40. Rxh8 {[%emt 0:00:06]} Bxh8 {[%emt 0:00:01]} 41. Bd1 {[%emt 0:00:17]} Nc5 {[%emt 0:00:57]} 42. f4 {[%emt 0:01:07]} Qe6 {[%emt 0:00:31]} 43. fxe5 dxe5 {[%emt 0:00:34]} 44. Bb4 {[%emt 0:00:04]} Qd6 {[%emt 0:00:28]} 45. Bxa4 {[%emt 0:00:32]} Bf6 {[%emt 0:00:31]} 46. Bd1 {[%emt 0:00:42]} Qd4 {[%emt 0:00:29]} 47. Qxd4 {[%emt 0:00:41]} exd4 {[%emt 0:00:01]} 48. Bxc5+ {[%emt 0:00:47]} bxc5 {[%emt 0:00:25]} 49. a4 {[%emt 0:00:02]} Kd6 {[%emt 0:01:03]} 50. a5 {[%emt 0:01:19]} c6 {[%emt 0:00:29]} 51. e5+ {[%emt 0:01:03]} Bxe5 {[%emt 0:00:14]} 52. b6 {[%emt 0:00:07]} Kd7 {[%emt 0:00:34]} 53. a6 {[%emt 0:00:06]} Kc8 {[%emt 0:00:35]} 54. a7 {[%emt 0:00:15]} Kb7 {[%emt 0:00:04]} 55. Bf3 {[%emt 0:00:11]} 1-0

[Event "7th Iberoamerican-ch 2019"]
[Site "Linares"]
[Date "2019.08.14"]
[Round "5.32"]
[White "Blanco Acevedo, Cristobal Jose"]
[Black "Diaz Mino, Daniel"]
[Result "1/2-1/2"]
[WhiteElo "2342"]
[BlackElo "1888"]
[Annotator "NA"]
[PlyCount "126"]
[EventDate "2019.08.10"]
[EventType "swiss"]
[EventCountry "ESP"]
[SourceTitle "playchess.com"]
[Source "ChessBase"]
[SourceQuality "1"]
[TimeControl "5400+30"]

1. d4 {[%emt 0:00:00]} Nf6 {[%emt 0:00:00]} 2. c4 {[%emt 0:00:00]} c5 {[%emt 0:00:00]} 3. d5 {[%emt 0:00:02]} b5 {[%emt 0:00:05]} 4. cxb5 {[%emt 0:00:07]} a6 {[%emt 0:00:10]} 5. b6 {[%emt 0:00:05]} Qxb6 {[%emt 0:00:57]} 6. Nc3 {[%emt 0:00:05]} g6 {[%emt 0:01:15]} 7. e4 {[%emt 0:00:09]} d6 {[%emt 0:00:13]} 8. Nf3 {[%emt 0:00:23]} Bg7 {[%emt 0:01:42]} 9. Bc4 {[%emt 0:00:09]} O-O {[%emt 0:11:55]} 10. O-O {[%emt 0:00:12]} Nbd7 {[%emt 0:05:47]} 11. a4 {[%emt 0:02:18]} a5 {[%emt 0:02:08]} 12. Re1 {[%emt 0:02:47]} Ba6 {[%emt 0:02:10]} 13. Nb5 {[%emt 0:00:13]} Ng4 {[%emt 0:00:37]} 14. Ra3 {[%emt 0:00:49]} Nge5 {[%emt 0:00:21]} 15. Bf1 {[%emt 0:00:39]} Rfb8 {[%emt 0:03:35]} 16. Nd2 {[%emt 0:02:44]} Nf6 {[%emt 0:12:05]} 17. h3 {[%emt 0:05:20]} Ne8 {[%emt 0:02:10]} 18. f4 {[%emt 0:01:52]} Nd7 {[%emt 0:00:44]} 19. Nc4 {[%emt 0:00:44]} Qd8 {[%emt 0:00:18]} 20. e5 {[%emt 0:01:25]} dxe5 {[%emt 0:18:56]} 21. fxe5 {[%emt 0:01:37]} Nb6 {[%emt 0:00:29]} 22. Nxa5 {[%emt 0:10:52]} Qxd5 {[%emt 0:00:49]} 23. Qxd5 {[%emt 0:00:35]} Nxd5 {[%emt 0:00:02]} 24. Nc6 {[%emt 0:01:20]} Rc8 {[%emt 0:01:43]} 25. Bc4 {[%emt 0:03:37]} Bb7 {[%emt 0:08:44]} 26. Nca7 {[%emt 0:03:28]} Rd8 {[%emt 0:01:48]} 27. a5 {[%emt 0:00:37]} Nb4 {[%emt 0:00:52]} 28. Rc3 {[%emt 0:08:20]} Nc7 {[%emt 0:03:45]} 29. Nxc7 {[%emt 0:02:41]} Rxa7 {[%emt 0:00:10]} 30. Bg5 {[%emt 0:00:18]} Bc6 {[%emt 0:04:07]} 31. Bxe7 {[%emt 0:02:32]} Rd2 {[%emt 0:00:43]} 32. Bxc5 {[%emt 0:00:13]} Rxg2+ {[%emt 0:00:38]} 33. Kf1 {[%emt 0:00:08]} Rxc7 {[%emt 0:00:37]} 34. Bxb4 {[%emt 0:00:47]} Rxb2 {[%emt 0:02:23]} 35. Bd6 {[%emt 0:00:41]} Rd7 {[%emt 0:02:07]} 36. Rb3 {[%emt 0:04:35]} Rxb3 {[%emt 0:06:32]} 37. Bxb3 {[%emt 0:00:11]} Bf8 {[%emt 0:00:44]} 38. Rd1 {[%emt 0:00:33]} Bxd6 {[%emt 0:02:17]} 39. Rxd6 {[%emt 0:00:27]} Bb5+ {[%emt 0:01:02]} 40. Kf2 {[%emt 0:00:15]} Ra7 {[%emt 0:01:16]} 41. Rf6 {[%emt 0:01:39]} Be8 {[%emt 0:01:22]} 42. a6 {[%emt 0:00:33]} Bb5 {[%emt 0:01:54]} 43. Ke3 {[%emt 0:02:34]} Bxa6 {[%emt 0:01:12]} 44. Bxf7+ {[%emt 0:00:19]} Rxf7 {[%emt 0:00:33]} 45. Rxa6 {[%emt 0:00:03]} Re7 {[%emt 0:00:37]} 46. Ke4 {[%emt 0:00:04]} Kf7 {[%emt 0:00:45]} 47. Rf6+ {[%emt 0:00:59]} Kg7 {[%emt 0:00:03]} 48. Rf3 {[%emt 0:01:07]} Rf7 {[%emt 0:00:40]} 49. Rc3 {[%emt 0:00:28]} Ra7 {[%emt 0:00:37]} 50. Kd5 {[%emt 0:00:27]} Kf7 {[%emt 0:00:37]} 51. Rc6 {[%emt 0:00:32]} Ke7 {[%emt 0:00:21]} 52. Re6+ {[%emt 0:00:06]} Kf7 {[%emt 0:00:12]} 53. Rc6 {[%emt 0:01:21]} Ke7 {[%emt 0:00:13]} 54. Rc5 {[%emt 0:00:02]} Rd7+ {[%emt 0:00:18]} 55. Ke4 {[%emt 0:00:01]} Rd1 {[%emt 0:00:43]} 56. Rc7+ {[%emt 0:00:44]} Rd7 {[%emt 0:00:08]} 57. Rc6 {[%emt 0:01:54]} Rd1 {[%emt 0:00:08]} 58. Kf4 {[%emt 0:00:09]} Rf1+ {[%emt 0:00:27]} 59. Kg5 {[%emt 0:02:00]} Rf5+ {[%emt 0:00:25]} 60. Kg4 {[%emt 0:00:27]} Rxe5 {[%emt 0:00:43]} 61. Rc7+ {[%emt 0:00:03]} Kf6 {[%emt 0:00:17]} 62. Rxh7 {[%emt 0:00:10]} Re4+ {[%emt 0:00:31]} 63. Kf3 {[%emt 0:00:08]} Ra4 {[%emt 0:00:16] Ke4 Ke5+} 1/2-1/2

[Event "7th Iberoamerican-ch 2019"]
[Site "Linares"]
[Date "2019.08.14"]
[Round "5.33"]
[White "Rodriguez Del Cerro, Ricardo"]
[Black "Serarols Mabras, Bernat"]
[Result "1/2-1/2"]
[WhiteElo "2184"]
[BlackElo "2338"]
[Annotator "TA"]
[PlyCount "130"]
[EventDate "2019.08.10"]
[EventType "swiss"]
[EventCountry "ESP"]
[SourceTitle "playchess.com"]
[Source "ChessBase"]
[SourceQuality "1"]

{[%evp 16,130,7,7,8,0,7,9,23,0,0,0,1,-49,-28,-61,-65,-75,-55,-98,-104,-108,-95,-107,-104,-73,8,13,6,12,14,13,24,13,27,27,36,31,30,29,32,34,35,29,49,51,51,53,51,56,69,52,52,41,52,37,45,37,37,37,37,37,45,40,52,52,52,52,52,52,52,45,45,0,52,40,56,52,56,45,52,52,52,52,52,52,52,52,56,56,56,56,56,56,56,56,56,56,56,56,56,56,56,56,56,56,56,56,56,56,56,56,56,56,56,56,56]} 1. Nf3 d5 2. e3 Nf6 3. c4 e6 4. Nc3 c5 5. cxd5 exd5 6. d4 Nc6 7. Bb5 cxd4 8. Nxd4 Bd7 9. O-O Bd6 {D32: Tarrasch Defence: Sidelines and lines without g3} 10. Nf3 (10. b3 O-O 11. Bb2 Re8 12. Nf3 Bg4 13. Bxc6 bxc6 14. Rc1 Be5 15. Na4 Bxb2 16. Nxb2 Rc8 17. h3 Bxf3 18. Qxf3 {½-½ (60) So,W (2778)-Anand,V (2759) Leuven 2018}) 10... Be6 11. Qa4 Qc7 {The position is equal.} 12. e4 $146 {Black must now prevent e5!} ({Predecessor:} 12. Be2 Qe7 13. Nb5 Bc5 14. a3 O-O 15. b4 Bb6 16. Bb2 Ne4 17. Nbd4 Nxd4 18. Bxd4 {1-0 (39) Milovic,J (2316)-Batricevic,S (2306) Cetinje 2010}) 12... O-O 13. exd5 Nxd5 14. Bd3 Ncb4 {[%cal Bc6b4,Bb4d3,Bd3c5][%mdl 32]} 15. Be4 Nxc3 16. bxc3 Bc4 17. Rd1 b5 18. Qa3 {[%mdl 64] Pin} Nd3 19. Qa6 Nc5 20. Qxd6 {[#]} Qxd6 {[#]} (20... Rad8 $1 $17 {[%cal Rd8d6]} 21. Bf4 Rxd6 22. Bxd6 Qb6 23. Bxh7+ Kxh7 24. Bxf8 Ne4) 21. Bxh7+ $1 $11 {[%mdl 512]} Kxh7 22. Rxd6 Na4 23. Bd2 Rfd8 24. Rd4 Rac8 25. a3 Nc5 26. Be3 {Hoping for Rxd8.} Nb3 27. Rh4+ {[%mdl 64] Discovered Attack} Kg8 28. Re1 a6 29. Nd4 Nxd4 30. Bxd4 Re8 {[%cal Re8e1]} 31. Rhe4 Rxe4 32. Rxe4 $14 {[%mdl 4096] Endgame KRB-KRB} Kf8 33. Rg4 f6 34. Re4 Kf7 35. f3 Bd5 36. Re3 Rc4 37. Bb6 Be6 38. Kf2 Ra4 39. Bc5 a5 40. Re4 Rc4 41. Rxc4 Bxc4 {KB-KB} 42. h4 a4 43. Ke3 Bf1 44. Kf2 Bc4 45. h5 {White is slightly better.} Bd3 46. Ke3 Bf1 47. g3 Bc4 48. Ke4 Be2 49. Bd4 Bd1 50. g4 Bc2+ 51. Kf4 Bd3 52. g5 fxg5+ 53. Kxg5 Bc4 54. Be5 Be2 55. f4 Bc4 56. Bd4 Be2 57. Be3 Bd1 58. f5 Bb3 59. Bd2 Bc4 60. Bc1 Bb3 61. Bf4 Bc4 62. Be5 Bb3 63. f6 gxf6+ 64. Bxf6 Kg8 65. Kh6 Bc2 {Accuracy: White = 76%, Black = 66%.} 1/2-1/2

[Event "7th Iberoamerican-ch 2019"]
[Site "Linares"]
[Date "2019.08.14"]
[Round "5.34"]
[White "Guerrero Vargas, Andres Jesus"]
[Black "Martinez-Conde Hernandez, Carlos"]
[Result "1-0"]
[WhiteElo "2342"]
[BlackElo "2046"]
[Annotator "NA"]
[PlyCount "69"]
[EventDate "2019.08.10"]
[EventType "swiss"]
[EventCountry "ESP"]
[SourceTitle "playchess.com"]
[Source "ChessBase"]
[SourceQuality "1"]
[TimeControl "5400+30"]

1. e4 {[%emt 0:00:00]} c5 {[%emt 0:00:00]} 2. Nf3 {[%emt 0:00:00]} Nc6 {[%emt 0:00:00]} 3. Nc3 {[%emt 0:00:00]} g6 {[%emt 0:00:11]} 4. d4 {[%emt 0:00:03]} cxd4 {[%emt 0:00:04]} 5. Nxd4 {[%emt 0:00:00]} Bg7 {[%emt 0:00:00]} 6. Be3 {[%emt 0:00:00]} Nf6 {[%emt 0:00:00]} 7. Bc4 {[%emt 0:00:00]} O-O {[%emt 0:00:11]} 8. Bb3 {[%emt 0:00:00]} Re8 {[%emt 0:00:33]} 9. Qe2 {[%emt 0:00:00]} d6 {[%emt 0:09:52]} 10. f3 {[%emt 0:06:51]} e5 {[%emt 0:06:07]} 11. Nxc6 {[%emt 0:04:44]} bxc6 {[%emt 0:00:01]} 12. O-O-O {[%emt 0:17:37]} Qc7 {[%emt 0:02:00]} 13. Qd2 {[%emt 0:06:10]} Rd8 {[%emt 0:02:40]} 14. Bh6 {[%emt 0:01:29]} Be6 {[%emt 0:03:51]} 15. h4 {[%emt 0:02:49]} Nh5 {[%emt 0:04:20]} 16. Bxg7 {[%emt 0:04:38]} Kxg7 {[%emt 0:01:53]} 17. Ne2 {[%emt 0:07:36]} Bxb3 {[%emt 0:06:05]} 18. axb3 {[%emt 0:00:28]} d5 {[%emt 0:00:58]} 19. exd5 {[%emt 0:00:25]} Rxd5 {[%emt 0:01:49]} 20. Qc3 {[%emt 0:00:51]} Rad8 {[%emt 0:04:07]} 21. Rxd5 {[%emt 0:03:59]} Rxd5 {[%emt 0:00:02]} 22. b4 {[%emt 0:01:11]} a5 {[%emt 0:09:10]} 23. Kb1 {[%emt 0:07:33]} axb4 {[%emt 0:05:20]} 24. Qxb4 {[%emt 0:00:02]} Qd6 {[%emt 0:00:33]} 25. Qc3 {[%emt 0:04:57]} f6 {[%emt 0:09:19]} 26. Nc1 {[%emt 0:03:30]} Ng3 {[%emt 0:13:33]} 27. Rh3 {[%emt 0:00:48]} Nh5 {[%emt 0:00:01]} 28. g4 {[%emt 0:02:43]} Nf4 {[%emt 0:00:07]} 29. Rh1 {[%emt 0:00:01]} Rd1 {[%emt 0:02:32]} 30. Rxd1 {[%emt 0:00:10]} Qxd1 {[%emt 0:00:02]} 31. Qxc6 {[%emt 0:00:02]} Ne2 {[%emt 0:00:01]} 32. Qc7+ {[%emt 0:00:03]} Kh6 {[%emt 0:00:35]} 33. Qe7 {[%emt 0:03:11]} Qxc1+ {[%emt 0:02:38]} 34. Ka2 {[%emt 0:00:10]} Nc3+ {[%emt 0:00:02]} 35. Kb3 {[%emt 0:00:07]} 1-0

[Event "7th Iberoamerican-ch 2019"]
[Site "Linares"]
[Date "2019.08.14"]
[Round "5.35"]
[White "Jesus Reyes, Javier"]
[Black "Esquivias Quintero, Luis Manuel"]
[Result "0-1"]
[WhiteElo "2021"]
[BlackElo "2282"]
[Annotator "NA"]
[PlyCount "104"]
[EventDate "2019.08.10"]
[EventType "swiss"]
[EventCountry "ESP"]
[SourceTitle "playchess.com"]
[Source "ChessBase"]
[SourceQuality "1"]
[TimeControl "5400+30"]

1. d4 {[%emt 0:00:00]} Nf6 {[%emt 0:00:00]} 2. c4 {[%emt 0:00:00]} c5 {[%emt 0:00:00]} 3. d5 {[%emt 0:00:17]} b5 {[%emt 0:00:00]} 4. Qc2 {[%emt 0:00:33]} e6 {[%emt 0:00:00]} 5. e4 {[%emt 0:01:18]} bxc4 {[%emt 0:00:10]} 6. Nc3 {[%emt 0:04:03]} Bb7 {[%emt 0:05:55]} 7. Bxc4 {[%emt 0:10:50]} exd5 {[%emt 0:00:22]} 8. exd5 {[%emt 0:00:32]} d6 {[%emt 0:00:32]} 9. Bf4 {[%emt 0:01:51]} Be7 {[%emt 0:06:01]} 10. Nge2 {[%emt 0:02:35]} Nbd7 {[%emt 0:00:44]} 11. g4 {[%emt 0:12:35]} Nxg4 {[%emt 0:08:18]} 12. Qf5 {[%emt 0:00:29]} Nge5 {[%emt 0:03:34]} 13. Bb5 {[%emt 0:05:46]} O-O {[%emt 0:05:48]} 14. O-O-O {[%emt 0:00:16]} Bc8 {[%emt 0:05:47]} 15. Rhg1 {[%emt 0:07:08]} Ng6 {[%emt 0:06:25]} 16. Be3 {[%emt 0:04:52]} a6 {[%emt 0:05:05]} 17. Bc6 {[%emt 0:04:08]} Nde5 {[%emt 0:02:44]} 18. Qe4 {[%emt 0:01:57]} Rb8 {[%emt 0:00:29]} 19. Ba4 {[%emt 0:08:14]} Rb4 {[%emt 0:02:51]} 20. Qc2 {[%emt 0:01:09]} Nc4 {[%emt 0:01:06]} 21. b3 {[%emt 0:03:00]} Nxe3 {[%emt 0:00:45]} 22. fxe3 {[%emt 0:00:03]} Bf6 {[%emt 0:01:05]} 23. Rdf1 {[%emt 0:03:28]} Qe7 {[%emt 0:01:13]} 24. Qd2 {[%emt 0:03:02]} Qe5 {[%emt 0:03:05]} 25. e4 {[%emt 0:02:15]} c4 {[%emt 0:02:26]} 26. a3 {[%emt 0:01:17]} Rxb3 {[%emt 0:03:28]} 27. Bxb3 {[%emt 0:00:14]} cxb3 {[%emt 0:00:02]} 28. Kb2 {[%emt 0:01:43]} Bd7 {[%emt 0:00:24]} 29. Kxb3 {[%emt 0:02:17]} Rb8+ {[%emt 0:02:11]} 30. Ka2 {[%emt 0:01:27]} Bb5 {[%emt 0:00:50]} 31. Nxb5 {[%emt 0:01:56]} Rxb5 {[%emt 0:00:34]} 32. Rb1 {[%emt 0:00:40]} Qxe4 {[%emt 0:01:35]} 33. Rxb5 {[%emt 0:00:36]} axb5 {[%emt 0:00:04]} 34. Rc1 {[%emt 0:02:29]} h6 {[%emt 0:01:39]} 35. Rc8+ {[%emt 0:00:57]} Kh7 {[%emt 0:00:13]} 36. Nc3 {[%emt 0:00:30]} Qg4 {[%emt 0:02:50]} 37. Rc7 {[%emt 0:00:44]} b4 {[%emt 0:00:29]} 38. Nb5 {[%emt 0:02:51]} bxa3 {[%emt 0:09:11]} 39. Kxa3 {[%emt 0:01:44]} Qf3+ {[%emt 0:06:52]} 40. Ka4 {[%emt 0:00:43]} Be5 {[%emt 0:01:20]} 41. Ka5 {[%emt 0:03:48]} Qf6 {[%emt 0:04:54]} 42. Qc2 {[%emt 0:01:28]} h5 {[%emt 0:00:52]} 43. h3 {[%emt 0:01:49]} Qf3 {[%emt 0:01:10]} 44. Qc6 {[%emt 0:00:24]} h4 {[%emt 0:01:29]} 45. Kb6 {[%emt 0:00:42]} Qxh3 {[%emt 0:01:29]} 46. Rxf7 {[%emt 0:00:15]} Qg3 {[%emt 0:00:13]} 47. Rf5 {[%emt 0:00:52]} Qg4 {[%emt 0:00:49]} 48. Rf1 {[%emt 0:02:56]} h3 {[%emt 0:00:22]} 49. Nxd6 {[%emt 0:00:13]} h2 {[%emt 0:00:14]} 50. Nf7 {[%emt 0:00:33]} Qg1+ {[%emt 0:01:04]} 51. Qc5 {[%emt 0:01:17]} Bd4 {[%emt 0:00:30]} 52. Ng5+ {[%emt 0:00:14]} Kg8 {[%emt 0:00:41]} 0-1

[Event "7th Iberoamerican-ch 2019"]
[Site "Linares"]
[Date "2019.08.14"]
[Round "5.36"]
[White "Riquelme Valero, Manuel Damian"]
[Black "Ingunza Curro, Andres"]
[Result "1/2-1/2"]
[WhiteElo "2157"]
[BlackElo "2103"]
[Annotator "NA"]
[PlyCount "26"]
[EventDate "2019.08.10"]
[EventType "swiss"]
[EventCountry "ESP"]
[SourceTitle "playchess.com"]
[Source "ChessBase"]
[SourceQuality "1"]
[TimeControl "5400+30"]

1. d4 {[%emt 0:00:00]} Nf6 {[%emt 0:00:00]} 2. Nf3 {[%emt 0:00:00]} e6 {[%emt 0:00:00]} 3. e3 {[%emt 0:00:00]} b6 {[%emt 0:00:29]} 4. Bd3 {[%emt 0:00:20]} Bb7 {[%emt 0:00:35]} 5. Nbd2 {[%emt 0:00:21]} d5 {[%emt 0:00:57]} 6. O-O {[%emt 0:00:44]} Bd6 {[%emt 0:03:14]} 7. b3 {[%emt 0:00:10]} O-O {[%emt 0:00:52]} 8. Bb2 {[%emt 0:00:10]} c5 {[%emt 0:01:12]} 9. c4 {[%emt 0:03:36]} Nbd7 {[%emt 0:01:48]} 10. Ne5 {[%emt 0:02:17]} Rc8 {[%emt 0:24:33]} 11. cxd5 {[%emt 0:12:06]} exd5 {[%emt 0:20:31]} 12. Bf5 {[%emt 0:10:55]} g6 {[%emt 0:12:11]} 13. Bd3 {[%emt 0:12:01]} Qe7 {[%emt 0:03:32]} 1/2-1/2

[Event "7th Iberoamerican-ch 2019"]
[Site "Linares"]
[Date "2019.08.14"]
[Round "5.37"]
[White "Gil Quilez, Sonia"]
[Black "Torres Sanchez, Jose"]
[Result "1-0"]
[WhiteElo "2102"]
[BlackElo "2304"]
[Annotator "NA"]
[PlyCount "40"]
[EventDate "2019.08.10"]
[EventType "swiss"]
[EventCountry "ESP"]
[SourceTitle "playchess.com"]
[Source "ChessBase"]
[SourceQuality "1"]
[TimeControl "5400+30"]

1. d4 {[%emt 0:00:00]} g6 {[%emt 0:00:00]} 2. c4 {[%emt 0:00:00]} Bg7 {[%emt 0:00:00]} 3. Nf3 {[%emt 0:00:00]} Nf6 4. Nc3 {[%emt 0:00:21]} O-O {[%emt 0:00:04]} 5. e4 {[%emt 0:00:31]} c5 {[%emt 0:00:42]} 6. d5 {[%emt 0:00:54]} e6 {[%emt 0:00:25]} 7. Bd3 {[%emt 0:02:02]} d6 {[%emt 0:00:19]} 8. h3 {[%emt 0:01:18]} exd5 {[%emt 0:00:26]} 9. cxd5 {[%emt 0:00:24]} a6 {[%emt 0:00:27]} 10. a4 {[%emt 0:00:28]} Nbd7 {[%emt 0:00:17]} 11. O-O {[%emt 0:01:57]} Qe7 {[%emt 0:01:46]} 12. Re1 {[%emt 0:06:15]} Nh5 {[%emt 0:03:22]} 13. Bg5 {[%emt 0:06:01]} Bf6 {[%emt 0:00:13]} 14. Be3 {[%emt 0:01:31]} Ne5 {[%emt 0:00:50]} 15. Be2 {[%emt 0:02:12]} Kh8 {[%emt 0:05:14]} 16. Nxe5 {[%emt 0:04:35]} Bxe5 {[%emt 0:00:24]} 17. Bxh5 {[%emt 0:03:10]} gxh5 {[%emt 0:00:07]} 18. Qxh5 {[%emt 0:01:31]} Rg8 {[%emt 0:00:10]} 19. f4 {[%emt 0:03:46]} Bxc3 {[%emt 0:02:05]} 20. bxc3 {[%emt 0:00:12]} Qxe4 {[%emt 0:00:21]} 1-0